000 00521nam a22001937a 4500
003 OSt
005 20140310182217.0
008 130907t xxu||||| |||| 00| 0 eng d
020 _a0671690922
050 _aGV 865.A1
_b.Se445 1990
082 _aHS 796.357
_bJ77 1998
245 _aBaseball hall of fame Book of superstars /
260 _aNew York :
_bLittle Simon,
_cc1990.
300 _a40 p. :
_bill, ;
_c28 cm.
541 _j1
562 _e1
650 _aBaseball
_xBiography
_917124
942 _2lcc
_cHS
999 _c10623
_d10623